[Event "CVST 2012"]
[Site "Wijk aan Zee"]
[Date "2012.11.26"]
[Round "7.4"]
[White "Ris, Robert"]
[Black "Brunello, Sabino"]
[Result "1/2-1/2"]
[WhiteElo "2400"]
[BlackElo "2591"]
[PlyCount "143"]
[EventDate "2012.??.??"]

1. c4 c5 2. Nf3 g6 3. Nc3 Bg7 4. g3 Nc6 5. Bg2 d6 6. O-O e6 7. e3 Nge7 8. d4
O-O 9. b3 Nf5 10. Ne2 e5 11. dxe5 dxe5 12. Qxd8 Rxd8 13. Ng5 Nfe7 14. Ba3 h6
15. Ne4 b6 16. Rad1 Be6 17. N4c3 f5 18. Nd5 Rac8 19. e4 g5 20. Nxe7+ Nxe7 21.
exf5 Nxf5 22. Nc3 Nd4 23. Bd5 Bxd5 24. Nxd5 Re8 25. Kg2 e4 26. Bb2 Re6 27. Rfe1
Rf8 28. Re3 Kh7 29. Rd2 Nf5 30. Re1 Nd4 31. Re3 Kg6 32. Rd1 Rf7 33. Rd2 h5 34.
Nc3 Kf5 35. Re1 g4 36. Ne2 Rd7 37. Red1 Red6 38. h3 gxh3+ 39. Kxh3 Be5 40. Rh1
Nxe2 41. Rxe2 Rd2 42. Rxd2 Rxd2 43. Bxe5 Kxe5 44. Kg2 Kd4 45. Rh4 Rxa2 46. Kf1
Rb2 47. f3 Ke3 48. fxe4 Kf3 49. Ke1 Rxb3 50. Kd2 Kxg3 51. Rxh5 Kf4 52. e5 Ke4
53. e6 Rd3+ 54. Kc2 Rd8 55. Rh7 Re8 56. Rxa7 Kd4 57. Kb3 Rxe6 58. Rd7+ Ke5 59.
Rd1 Rd6 60. Re1+ Kf4 61. Kc3 Rh6 62. Re8 Kf5 63. Kb3 Re6 64. Rh8 Kg6 65. Ka4
Re1 66. Kb5 Rb1+ 67. Kc6 Kf5 68. Rb8 Rb4 69. Rxb6 Rxc4 70. Rb5 Kf6 71. Rxc5
Rxc5+ 72. Kxc5 1/2-1/2

[Event "CVST 2012"]
[Site "Wijk aan Zee"]
[Date "2012.11.27"]
[Round "8.1"]
[White "Admiraal, Miguoel"]
[Black "Brunello, Sabino"]
[Result "1/2-1/2"]
[WhiteElo "2301"]
[BlackElo "2591"]
[PlyCount "91"]
[EventDate "2012.??.??"]

1. e4 c6 2. d4 d5 3. exd5 cxd5 4. c4 Nf6 5. Nc3 Nc6 6. Nf3 g6 7. cxd5 Nxd5 8.
Qb3 Nxc3 9. Bc4 Nd5 10. Bxd5 e6 11. Bxc6+ bxc6 12. O-O Qd5 13. Bf4 f6 14. Rac1
g5 15. Bg3 Qxb3 16. axb3 Bb7 17. Nd2 O-O-O 18. Ne4 Be7 19. Nc5 Rxd4 20. Nxe6
Rd2 21. Rfe1 Rxb2 22. Nxg5 Bb4 23. Nf7 Bxe1 24. Rxe1 Rd8 25. Nxd8 Kxd8 26. Bh4
Rxb3 27. Bxf6+ Kd7 28. h4 h6 29. Re7+ Kd6 30. Rh7 c5 31. Rxh6 c4 32. Bd4+ Kd5
33. Bxa7 c3 34. Be3 c2 35. Rh5+ Ke4 36. Rc5 Kd3 37. h5 Be4 38. h6 Rb8 39. Kh2
Rg8 40. Rg5 Rc8 41. Rg7 Ke2 42. Re7 Bf5 43. Re5 Bh7 44. Re7 Bf5 45. Re5 Bh7 46.
Re7 1/2-1/2

[Event "CVST 2012"]
[Site "Wijk aan Zee"]
[Date "2012.11.27"]
[Round "8.2"]
[White "Plukkel, Sjoerd"]
[Black "Ris, Robert"]
[Result "1/2-1/2"]
[WhiteElo "2330"]
[BlackElo "2400"]
[PlyCount "116"]
[EventDate "2012.??.??"]

1. e4 e5 2. Nf3 Nc6 3. d4 exd4 4. Nxd4 Bb4+ 5. c3 Be7 6. Nf5 Bf6 7. Bc4 Nge7 8.
Ne3 d6 9. f4 Be6 10. Nd5 Qd7 11. Be3 Bg4 12. Qa4 Nxd5 13. Bxd5 Ne7 14. Qxd7+
Bxd7 15. Bb3 a5 16. a4 O-O 17. O-O b5 18. axb5 Bxb5 19. Re1 Rfb8 20. Nd2 Bc6
21. Ra2 a4 22. Bc2 a3 23. e5 dxe5 24. fxe5 Bxe5 25. Bc5 Bf4 26. Rxe7 Bxd2 27.
Rxa3 Bf4 28. Rxa8 Rxa8 29. g3 Bd6 30. Bxd6 cxd6 31. Rc7 Bf3 32. Kf2 Bh1 33. Bb3
d5 34. Ke3 Rb8 35. Rd7 Kf8 36. Bxd5 Ke8 37. Rxf7 Bxd5 38. Rxg7 Rxb2 39. Rxh7
Bf7 40. g4 Rg2 41. Kf4 Rc2 42. Rh3 Kf8 43. Rh6 Rxc3 44. h4 Rc4+ 45. Kf5 Kg7 46.
g5 Be8 47. Ke5 Bg6 48. Kd5 Bf7+ 49. Ke5 Rc1 50. Ke4 Bg6+ 51. Ke5 Re1+ 52. Kd4
Kf7 53. Kd5 Ra1 54. Kc5 Rd1 55. Kc6 Be4+ 56. Kc5 Ke7 57. Kc4 Bf5 58. Kc5 Bb1
1/2-1/2

[Event "CVST 2012"]
[Site "Wijk aan Zee"]
[Date "2012.11.27"]
[Round "8.4"]
[White "Demuth, Adrien"]
[Black "Jonkman, Harmen"]
[Result "0-1"]
[WhiteElo "2479"]
[BlackElo "2421"]
[PlyCount "94"]
[EventDate "2012.??.??"]

1. d4 d5 2. c4 dxc4 3. e4 e5 4. Nf3 exd4 5. Bxc4 Nc6 6. O-O a6 7. Qb3 Qd7 8.
Bd2 Bc5 9. Re1 Nd8 10. Na3 Qd6 11. Ng5 Ne6 12. e5 Qb6 13. Qg3 Ne7 14. b4 Bxb4
15. Nxe6 Bxe6 16. Bxe6 fxe6 17. Rab1 a5 18. Nc2 Nf5 19. Qd3 Qa6 20. Qxa6 Rxa6
21. Bxb4 axb4 22. Nxb4 Ra3 23. Rec1 Kd7 24. Nc2 Rc3 25. g4 Nh6 26. Nxd4 Rxc1+
27. Rxc1 Nxg4 28. f4 Ne3 29. Kf2 Nd5 30. Kg3 Ra8 31. Rc2 Ra3+ 32. Nf3 Ra4 33.
Rd2 Ke7 34. Nd4 Nxf4 35. Kxf4 c5 36. Ke3 Rxd4 37. Rg2 g6 38. Rc2 b6 39. Rb2 Rb4
40. Rd2 g5 41. Rd6 h5 42. Rc6 Kf7 43. a3 Rb3+ 44. Ke4 Rxa3 45. Rxb6 Ra4+ 46.
Kf3 Rh4 47. Rb2 Kg6 0-1

[Event "CVST 2012"]
[Site "Wijk aan Zee"]
[Date "2012.11.27"]
[Round "8.5"]
[White "Castaneda, Georgui"]
[Black "Van der Lende, Ilias"]
[Result "0-1"]
[WhiteElo "2518"]
[BlackElo "2169"]
[PlyCount "124"]
[EventDate "2012.??.??"]

1. d4 e6 2. Nf3 Nf6 3. Bg5 h6 4. Bh4 b6 5. e3 Bb7 6. Nbd2 d6 7. Bd3 g5 8. Bg3
Nh5 9. Qe2 Bg7 10. O-O Nd7 11. c3 Qe7 12. Ne1 Nxg3 13. fxg3 O-O 14. Ba6 Bxa6
15. Qxa6 c5 16. Nc2 d5 17. a4 e5 18. a5 exd4 19. exd4 cxd4 20. Rae1 Qd8 21.
Nxd4 bxa5 22. Qb5 Nf6 23. b3 Qb6 24. Qa4 Rac8 25. Kh1 Rxc3 26. Nf5 Rd3 27. Re2
Qb4 28. Qa2 Ne4 29. Nxe4 dxe4 30. h3 Rfd8 31. Qc2 Qc3 32. Qxc3 Rxc3 33. Rxe4
Rd7 34. Ne7+ Kh7 35. Rxf7 Rxb3 36. g4 Rbb7 37. Re6 Rb6 38. Re4 Rbb7 39. Re6
Rb1+ 40. Kh2 Rb6 41. Re4 a4 42. Rf3 Ra6 43. Rf2 a3 44. Ra2 Bb2 45. Nf5 Rc6 46.
Ra4 Be5+ 47. g3 Bb2 48. Kg2 Rc3 49. Nd4 a5 50. h4 Rd5 51. hxg5 hxg5 52. Ne2 Re3
53. Kf2 Rde5 54. Ng1 Rc3 55. Nf3 Rc2+ 56. Kf1 Re3 57. Nxg5+ Kg6 58. Re4 Rd3 59.
Re2 Rd1+ 60. Kf2 Rxe2+ 61. Kxe2 Ra1 62. Rxa1 Bxa1 0-1

[Event "CVST 2012"]
[Site "Wijk aan Zee"]
[Date "2012.11.28"]
[Round "9.1"]
[White "Van der Lende, Ilias"]
[Black "Admiraal, Miguoel"]
[Result "1/2-1/2"]
[WhiteElo "2169"]
[BlackElo "2301"]
[PlyCount "24"]
[EventDate "2012.??.??"]

1. e4 c5 2. c3 d5 3. exd5 Qxd5 4. d4 g6 5. Nf3 Bg7 6. Na3 cxd4 7. Nb5 Na6 8.
Be3 Nf6 9. Qxd4 Qxd4 10. Bxd4 b6 11. a4 O-O 12. a5 Bb7 1/2-1/2

[Event "CVST 2012"]
[Site "Wijk aan Zee"]
[Date "2012.11.28"]
[Round "9.2"]
[White "Schoorl, Rob"]
[Black "Castaneda, Georgui"]
[Result "0-1"]
[WhiteElo "2363"]
[BlackElo "2518"]
[PlyCount "84"]
[EventDate "2012.??.??"]

1. e4 d6 2. d4 g6 3. Nc3 Bg7 4. Bg5 a6 5. Nf3 b5 6. Bd3 Nd7 7. a4 b4 8. Nd5 a5
9. O-O Ngf6 10. Re1 O-O 11. c4 bxc3 12. bxc3 Nxd5 13. exd5 Nf6 14. Bb5 Bd7 15.
c4 Re8 16. Ra2 h6 17. Bh4 g5 18. Bg3 e6 19. dxe6 Rxe6 20. d5 Rxe1+ 21. Qxe1 Nh5
22. Nd2 Bxb5 23. cxb5 Qe8 24. Qd1 f5 25. h3 Nxg3 26. fxg3 Qe5 27. Nc4 Qxg3 28.
Re2 g4 29. hxg4 fxg4 30. Re4 h5 31. Qe1 Bd4+ 32. Kh1 Qxe1+ 33. Rxe1 g3 34. b6
Bxb6 35. Nxd6 Rf8 36. Ne4 Rf4 37. Ng5 Rh4+ 38. Nh3 Rxa4 39. d6 cxd6 40. Nf4 Be3
41. Nh3 Bd4 42. Ng1 Bxg1 0-1

[Event "CVST 2012"]
[Site "Wijk aan Zee"]
[Date "2012.11.28"]
[Round "9.3"]
[White "Jonkman, Harmen"]
[Black "Rozentalis, Eduardas"]
[Result "1/2-1/2"]
[WhiteElo "2421"]
[BlackElo "2592"]
[PlyCount "20"]
[EventDate "2012.??.??"]

1. e4 Nf6 2. e5 Nd5 3. d4 d6 4. Nf3 dxe5 5. Nxe5 c6 6. g3 Nd7 7. Nf3 g6 8. Bg2
Bg7 9. O-O O-O 10. Re1 Re8 1/2-1/2

[Event "CVST 2012"]
[Site "Wijk aan Zee"]
[Date "2012.11.28"]
[Round "9.4"]
[White "Ris, Robert"]
[Black "Demuth, Adrien"]
[Result "1/2-1/2"]
[WhiteElo "2400"]
[BlackElo "2479"]
[PlyCount "27"]
[EventDate "2012.??.??"]

1. d4 d5 2. Nf3 c5 3. c4 e6 4. cxd5 exd5 5. Nc3 Nc6 6. dxc5 d4 7. Na4 Bxc5 8.
Nxc5 Qa5+ 9. Qd2 Qxc5 10. e3 dxe3 11. Qxe3+ Qxe3+ 12. Bxe3 Nf6 13. Bc4 Be6 14.
Bxe6 1/2-1/2

[Event "CVST 2012"]
[Site "Wijk aan Zee"]
[Date "2012.11.28"]
[Round "9.5"]
[White "Brunello, Sabino"]
[Black "Plukkel, Sjoerd"]
[Result "1-0"]
[WhiteElo "2591"]
[BlackElo "2330"]
[PlyCount "54"]
[EventDate "2012.??.??"]

1. d4 d6 2. Nf3 Nd7 3. c4 g6 4. Nc3 Bg7 5. e4 e5 6. Be2 Ne7 7. h4 h6 8. h5 g5
9. g4 exd4 10. Nxd4 Ne5 11. f4 gxf4 12. Bxf4 Nxg4 13. Rg1 Be5 14. Bxe5 Nxe5 15.
Qd2 N7c6 16. O-O-O Nxd4 17. Qxd4 Be6 18. c5 a6 19. Qb4 b6 20. cxd6 c5 21. Qa4+
Kf8 22. Qc2 Nc6 23. e5 Nd4 24. Qe4 Rc8 25. Bxa6 Ra8 26. Bb7 Bf5 27. Qg2 Qg5+
1-0